Финансовые кризисы на развивающихся рынках

Бібліографічні деталі
Автор: Горюнова Н. П. Наталья Павловна
Співавтор: Российская академия наук (РАН) Дальневосточное отделение (ДВО) Институт экономических исследований (ИЭИ)
Інші автори: Минакир П. А. Павел Александрович
Резюме:В монографии рассматриваются теория и методы измерения и мониторинга кризисных ситуаций на валютных рынках и в банковской системе в развивающихся экономиках. Анализируются закономерности, особенности и теоретические модели кризисов на финансовых рынках стран Восточной Азии, Латинской Америки и в России. Для научных работников, преподавателей высших учебных заведений, аспирантов и студентов старших курсов экономических специальностей.
Мова:Російська
Опубліковано: Москва, Наука, 2006
Предмети:
Формат: MixedMaterials Книга
KOHA link:https://koha.lib.tpu.ru/cgi-bin/koha/opac-detail.pl?biblionumber=83105

MARC

LEADER 00000nam0a2200000 4500
001 83105
005 20231101213256.0
010 |a 5020340413 
035 |a (RuTPU)RU\TPU\book\89323 
090 |a 83105 
100 |a 20051011d2006 k y0rusy50 ca 
101 0 |a rus 
102 |a RU 
105 |a a z 001zy 
200 1 |a Финансовые кризисы на развивающихся рынках  |f Н. П. Горюнова, П. А. Минакир  |g Дальневосточное отделение РАН; Институт экономических исследований 
210 |a Москва  |c Наука  |d 2006 
215 |a 215 с.  |c ил. 
320 |a Библиография в конце книги. 
330 |a В монографии рассматриваются теория и методы измерения и мониторинга кризисных ситуаций на валютных рынках и в банковской системе в развивающихся экономиках. Анализируются закономерности, особенности и теоретические модели кризисов на финансовых рынках стран Восточной Азии, Латинской Америки и в России. Для научных работников, преподавателей высших учебных заведений, аспирантов и студентов старших курсов экономических специальностей. 
606 1 |a Финансовый менеджмент  |2 stltpush  |3 (RuTPU)RU\TPU\subj\37217  |9 58322 
610 1 |a финансовые рынки 
610 1 |a финансы 
610 1 |a финансовые кризисы 
610 1 |a валютные рынки 
610 1 |a банковские системы 
610 1 |a развивающаяся экономика 
610 1 |a Восточная Азия 
610 1 |a Латинская Америка 
610 1 |a Россия 
610 1 |a банковские кризисы 
610 1 |a государственное регулирование 
686 |a У9(2)261.1  |v LBC/SL-A  |2 rubbk 
700 1 |a Горюнова  |b Н. П.  |g Наталья Павловна 
701 1 |a Минакир  |b П. А.  |g Павел Александрович 
712 0 2 |a Российская академия наук (РАН)  |b Дальневосточное отделение (ДВО)  |b Институт экономических исследований (ИЭИ)  |c (Хабаровск)  |2 stltpush  |3 (RuTPU)RU\TPU\col\20735 
801 1 |a RU  |b 63413507  |c 20051011  |g PSBO 
801 2 |a RU  |b 63413507  |c 20201117  |g PSBO 
942 |c BK 
959 |a 70/20050908  |d 1  |e 0  |f НФ:1